Statystyki dla Kraje z największą liczbą występów w finale Klubowych Mistrzostw Świat

Kliknij tutaj aby rozwiązać quiz!

Ogólne statystyki

  • Ten quiz został rozwiązany 88 razy
  • Średni wynik to 8 z 12

Statystyki odpowiedzi

HintOdpowiedź% Poprawnych
2Niemcy
100%
9Brazylia
96%
8Hiszpania
96%
5Anglia
94%
2Włochy
94%
4Argentyna
93%
1Japonia
69%
1Meksyk
65%
1Maroko
44%
1Zjednoczone Emiraty Arabskie
32%
1Ekwador
21%
1Demokratyczna Republika Konga
14%

Rozkład punktacji

Percentyl według liczby udzielonych odpowiedzi

Procent ludzi z każdym wynikiem

Twoja historia wyników

Nie rozwiązałeś tego quizu